|
|
|
|
| LEADER |
01100cam a2200313 a 4500 |
| 001 |
c000217620 |
| 003 |
CARM |
| 005 |
20000920210732.0 |
| 008 |
830205s1983 caua b 001 0 eng |
| 010 |
|
|
|a 82024736
|
| 019 |
1 |
|
|a 2432470
|z 23908305
|5 LACONCORD2021
|
| 020 |
|
|
|a 0534014135
|
| 020 |
|
|
|a 0867203854
|
| 035 |
|
|
|a (OCoLC)9133434
|5 LACONCORD2021
|
| 040 |
|
|
|a LC
|b eng
|c LC
|d LC
|
| 050 |
0 |
0 |
|a QP84
|b .F68 1983
|
| 050 |
|
4 |
|a BF713
|b .F74 1987
|
| 082 |
0 |
0 |
|a 155
|a 155
|2 19
|
| 100 |
1 |
|
|a Freiberg, Karen L.,
|d 1944-
|
| 245 |
1 |
0 |
|a Human development, a life-span approach /
|c Karen L. Freiberg.
|
| 250 |
|
|
|a 2nd ed.
|
| 260 |
|
|
|a Monterey, Calif. :
|b Wadsworth Health Sciences Division,
|c c1983.
|
| 300 |
|
|
|a xv, 637 p. :
|b ill. ;
|c 25 cm.
|
| 504 |
|
|
|a Includes bibliographies and indexes.
|
| 650 |
|
0 |
|a Developmental psychology.
|
| 650 |
|
0 |
|a Human growth.
|
| 852 |
8 |
|
|b CARM
|h A2:AE13H0
|i F00730
|p 0270934
|f BK
|
| 999 |
f |
f |
|i 156157d5-60bc-5719-8d54-9af4b22a6a23
|s 143895d3-3772-5ac3-9cf2-993947720cbc
|
| 952 |
f |
f |
|p Can circulate
|a CAVAL
|b CAVAL
|c CAVAL
|d CARM 1 Store
|e F00730
|f A2:AE13H0
|h Other scheme
|i book
|m 0270934
|